La chinche ; El baño /

Guardado en:
Detalles Bibliográficos
Autor principal: Maiakovski, Vladimir (autor)
Formato: Libro
Idioma:Español
Publicado: Madrid, España : EDAF, 1964
Colección:(Biblioteca EDAF)
Temas:
Etiquetas: Agrega una etiqueta
Sin etiquetas, Sé el primero en etiquetar este registro!

MARC

LEADER 00000nam^a2200000^a^4500
001 000003920
005 20250521000000.0
009 20260310083245.949
037 |a Acervo ITESO - Biblioteca 
041 |a ESP 
082 |a 891. 7  |b MAI 
100 |a Maiakovski, Vladimir  |e (autor) 
245 1 3 |a La chinche ;  |b El baño /  |c V. Maiakovski. 
264 1 |a Madrid, España :  |b EDAF,  |c 1964 
300 |a 273 p. 
336 |a texto  |b txt  |2 rdacontenido 
337 |a sin mediación  |b n  |2 rdamedio 
338 |a volumen  |b nc  |2 rdasoporte 
440 1 |a (Biblioteca EDAF) 
545 0 |a Vladimir Maiakovski (1894-1930), escritor revolucionario, una de las figuras más relevantes de la poesía rusa de comienzos del siglo XX, iniciador del futurismo en su país. Poeta intenso, de gran fuerza, lleno de ternura pero contrario la ordenación fonética y a los versos formales, de clara militancia política, disloca en sus primeros versos los conceptos, las imágenes y las palabras, de la misma manera que hacen los futuristas en la pintura; más adelante, evolucionó hacia formas más narrativas. Comprometido con las causas sociales, usó la literatura con finalidades educativas, por lo que se auxilió de todos los géneros para hacerla más accesible: además de poesía, escribió teatro, guiones de cine, canciones, diseño carteles y realizó recitales abiertos, circo, títeres, etc. En su obra poética destaca Yo mismo, colección de versos; La nube en pantalones; La flauta vertebral; La blusa fatua; El violín y algo nervioso; Amo; Guerra y paz; Misterio bujo; Yo y Napoleón; ¡Lilita!; Himno al crítico; ¡Bien!; La chinche y Hablando a gritos, entre otros. 
649 |a XX 
650 |a Teatro Ruso 
650 |a Comedia Rusa 
650 |a Tragedia Rusa 
650 |a Literatura Rusa -  |y Siglo XX 
910 |a Fondo General 
920 |a Impresos - Libros 
930 |a Colección General 
940 |a Literatura 
905 |a 101 
901 |a 0039200100  |b IT1  |c LIT  |i 003920  |u 20250521 
902 |a https://opac.biblio.iteso.mx/vufind/Record/000003920